Wind and Earthquake Resistant Buildings : (Record no. 13611)
[ view plain ]
| 000 -LEADER | |
|---|---|
| fixed length control field | 01805cam a22003497a 4500 |
| 001 - CONTROL NUMBER | |
| control field | 13896619 |
| 005 - DATE AND TIME OF LATEST TRANSACTION | |
| control field | 20060728190648.0 |
| 008 - FIXED-LENGTH DATA ELEMENTS--GENERAL INFORMATION | |
| fixed length control field | 050311s2005 nyuab |rb 001 0 eng d |
| 010 ## - LIBRARY OF CONGRESS CONTROL NUMBER | |
| LC control number | 2005295927 |
| 020 ## - INTERNATIONAL STANDARD BOOK NUMBER | |
| International Standard Book Number | 0824759346 |
| 035 ## - SYSTEM CONTROL NUMBER | |
| System control number | (OCoLC)ocm57659687 |
| 040 ## - CATALOGING SOURCE | |
| Original cataloging agency | IUA |
| Transcribing agency | IUA |
| Modifying agency | DLC |
| 042 ## - AUTHENTICATION CODE | |
| Authentication code | lccopycat |
| 050 00 - LIBRARY OF CONGRESS CALL NUMBER | |
| Classification number | TA658.4 |
| Item number | .T37 2005 |
| 082 00 - DEWEY DECIMAL CLASSIFICATION NUMBER | |
| Classification number | 693.85 |
| Edition number | 22 |
| Item number | TAR |
| 100 1# - MAIN ENTRY--PERSONAL NAME | |
| Personal name | Taranath, Bungale S. |
| 9 (RLIN) | 12365 |
| 245 10 - TITLE STATEMENT | |
| Title | Wind and Earthquake Resistant Buildings : |
| Remainder of title | Structural Analysis and Design / |
| Statement of responsibility, etc | Bungale S. Taranath. |
| 260 ## - PUBLICATION, DISTRIBUTION, ETC. (IMPRINT) | |
| Place of publication, distribution, etc | New York : |
| Name of publisher, distributor, etc | CRC, 2005 |
| Date of publication, distribution, etc | c2005. |
| 300 ## - PHYSICAL DESCRIPTION | |
| Extent | xiv, 892 p. : |
| Other physical details | ill., maps ; |
| Dimensions | 27 cm. |
| 490 ## - Series Statement | |
| Series statement | Civil and environmental engineering ; |
| Volume/sequential designation | 18 |
| 504 ## - BIBLIOGRAPHY, ETC. NOTE | |
| Bibliography, etc | Includes bibliographical references (p. 873-876) and index. |
| 505 0# - FORMATTED CONTENTS NOTE | |
| Formatted contents note | ch. 1. Wind loads -- ch. 2. Seismic design -- ch. 3. Steel buildings -- ch. 4. Concrete buidings -- ch. 5. Composite buildings -- ch. 6. Seismic rehabilitation of existing buildings -- ch. 7. Gravity systems -- ch. 8. Special topics. |
| 650 #0 - SUBJECT ADDED ENTRY--TOPICAL TERM | |
| Topical term or geographic name as entry element | Structural design. |
| 9 (RLIN) | 12366 |
| 650 #0 - SUBJECT ADDED ENTRY--TOPICAL TERM | |
| Topical term or geographic name as entry element | Structural analysis (Engineering) |
| 9 (RLIN) | 12367 |
| 650 #0 - SUBJECT ADDED ENTRY--TOPICAL TERM | |
| Topical term or geographic name as entry element | Earthquake resistant design. |
| 9 (RLIN) | 12368 |
| 650 #0 - SUBJECT ADDED ENTRY--TOPICAL TERM | |
| Topical term or geographic name as entry element | Wind resistant design. |
| 9 (RLIN) | 12369 |
| 856 42 - ELECTRONIC LOCATION AND ACCESS | |
| Materials specified | Publisher description |
| Uniform Resource Identifier | <a href="http://www.loc.gov/catdir/enhancements/fy0648/2005295927-d.html">http://www.loc.gov/catdir/enhancements/fy0648/2005295927-d.html</a> |
| 942 ## - ADDED ENTRY ELEMENTS (KOHA) | |
| Source of classification or shelving scheme | Dewey Decimal Classification |
| Item type | NB - Book (Non borrowing) |
| Withdrawn status | Item status | Source of classification or shelving scheme | Damaged status | Not for loan | Vendor | Home library | Current library | Shelving location | Date acquired | Source of acquisition | Total Checkouts | Full call number | Barcode | Date last seen | Koha item type |
|---|---|---|---|---|---|---|---|---|---|---|---|---|---|---|---|
| Dewey Decimal Classification | Baccah | Central Library | Central Library | First floor | 07/03/2010 | 693.85 TAR | 000020042 | 15/07/2025 | NB - Book (Non borrowing) | ||||||
| Dewey Decimal Classification | Baccah | Central Library | Central Library | First floor | 07/03/2010 | 693.85 TAR | 000020041 | 15/07/2025 | Book - Borrowing |